PACKET RADIO od A skoro až do Z

Salvato in:
Dettagli Bibliografici
Autori principali: Václavík, Radek (Autore), Lajšner, Pavel (Autore)
Natura: Libro
Lingua:ceco
Pubblicazione: Praha : BEN - technická literatura, 1999
Soggetti:
Tags: Aggiungi Tag
Nessun Tag, puoi essere il primo ad aggiungerne!!

MARC

LEADER 00000nam a22000003a 4500
001 stu49439
005 20150617225709.6
008 990412s1999------------------------cze-d
020 |a 80-901984-8-1 
040 |a STU  |b slo 
041 0 |a cze 
080 |a 621.396.94 
080 |a 681.327.8 
080 |a 681.324 
084 |a B6150C  |2 INS 
084 |a B6230  |2 INS  |7 stu_us_auth*stu6174 
084 |a B6250  |2 INS 
100 1 |a Václavík, Radek  |4 aut 
245 1 |a PACKET RADIO od A skoro až do Z 
260 |a Praha :  |b BEN - technická literatura,  |c 1999 
300 |a 223 s 
650 7 |a komunikačné systémy  |2 stusub 
650 7 |a prenos dát  |2 stusub 
650 7 |a paketový prenos  |2 stusub 
650 7 |a paketové siete  |2 stusub 
650 7 |a rádiové siete  |2 stusub 
650 7 |a nódy  |2 stusub 
700 1 |a Lajšner, Pavel  |4 aut 
996 |b 284EK82561  |c E*82561  |l EE01  |s A  |a 24  |w stu49439_0001